| 000 | 00920 a2200193 4500 | ||
|---|---|---|---|
| 001 | 37544 | ||
| 005 | 20260407155643.0 | ||
| 008 | 260407a1968 arg spa d | ||
| 003 | AR-UNSa-BCEJYS | ||
| 040 |
_aAR-UNSa-BCEJYS _bspa _cAR-UNSa-BCEJYS |
||
| 080 |
_a658.7 _xCompras. Aprovisionamiento. Gestión de existencias |
||
| 245 | 1 | 0 | _aLa programación y el control de los aprovisionamientos |
| 264 | 1 |
_aMadrid : _bIberico Europea de Ediciones _c1968 |
|
| 300 |
_a249 p. _c22 cm. |
||
| 505 | _a1. La programación y el control de las compras - 2. La organización de la función de aprovisionamientos - 3. La organización administrativa de las compras - 4. La programación y el control de las compras en la práctica empresarial - 5. Distintas aplicaciones prácticas según la naturaleza de la actividad por la empresa y su dimensión. | ||
| 942 | _cBK | ||
| 590 | _aniveau_biblio:m niveau_hierar:0 | ||
| 100 | 1 | _aISEO | |
| 999 |
_c2762 _d2762 |
||